<?xml version="1.0" encoding="UTF-8"?>
<collection xmlns="http://www.loc.gov/MARC21/slim">
    <record>
        <controlfield tag="001">46977</controlfield>
        <controlfield tag="005">20190709135419.0</controlfield>
        <datafield tag="024" ind1="8" ind2=" ">
            <subfield code="2">sideral</subfield>
            <subfield code="a">93387</subfield>
        </datafield>
        <datafield tag="037" ind1=" " ind2=" ">
            <subfield code="a">ART-2015-93387</subfield>
        </datafield>
        <datafield tag="041" ind1=" " ind2=" ">
            <subfield code="a">spa</subfield>
        </datafield>
        <datafield tag="100" ind1=" " ind2=" ">
            <subfield code="0">(orcid)0000-0002-1543-5109</subfield>
            <subfield code="a">Abós Catalán, Ángel</subfield>
            <subfield code="u">Universidad de Zaragoza</subfield>
        </datafield>
        <datafield tag="245" ind1=" " ind2=" ">
            <subfield code="a">Una unidad didáctica de fútbol sala reorientada desde la perspectiva de la motivación autodeterminada</subfield>
        </datafield>
        <datafield tag="260" ind1=" " ind2=" ">
            <subfield code="c">2015</subfield>
        </datafield>
        <datafield tag="506" ind1="0" ind2=" ">
            <subfield code="a">Access copy available to the general public</subfield>
            <subfield code="f">Unrestricted</subfield>
        </datafield>
        <datafield tag="520" ind1="3" ind2=" ">
            <subfield code="a">Cada vez son más los jóvenes que durante la adolescencia dejan de realizar actividad física fuera del aula, incrementando sus conductas sedentarias, aspecto que se debe abordar desde el ámbito de la Educación Física. De este modo, la presente investigación tuvo como objetivo estudiar la relación existente entre el clima motivacional generado por el docente de EF, con las necesidades psicológicas básicas, la motivación autodeterminada, así como con las consecuencias motivacionales de diversión, aburrimiento y predisposición experimentadas por el alumnado durante una unidad didáctica de fútbol sala. La muestra estuvo compuesta por 75 alumnos (M edad = 15.34; DT = 0.55) que cursaban 4º de Educación Secundaria Obligatoria. Para la toma de datos se utilizó la Escala de Percepción del Clima Motivacional (EPCM), la Escala de Medición de las Necesidades Psicológicas Básicas (BPNES), la Escala de Motivación Situacional (SIMS-14), la Escala de Diversión/Aburrimiento en la Educación Física (SSI-EF) y dos factores de la Escala de Predisposición hacia la Educación Física (PEPS). Los resultados mostraron que la percepción de competencia predecía de forma positiva las formas de motivación más autodeterminadas, y en sentido contrario la desmotivación. Además las consecuencias positivas experimentadas por el alumnado, fueron predichas por la motivación intrínseca con una fuerte relación positiva. Por el contario, el aburrimiento fue predicho de forma negativa por la motivación intrínseca. Los resultados se discuten argumentando el rol que debe adquirir el docente de Educación Física, en el desarrollo de los procesos motivacionales, buscando que el alumnado tenga un tipo de regulación más autodeterminada. Para ello, se aportan unas estrategias de intervención diseñadas concretamente para el contenido curricular del fútbol sala, con la idea de poder generar en el alumnado consecuencias positivas y más adaptativas como la diversión y la predisposición hacia la práctica de actividad física.</subfield>
        </datafield>
        <datafield tag="540" ind1=" " ind2=" ">
            <subfield code="9">info:eu-repo/semantics/openAccess</subfield>
            <subfield code="a">by</subfield>
            <subfield code="u">http://creativecommons.org/licenses/by/3.0/es/</subfield>
        </datafield>
        <datafield tag="655" ind1=" " ind2="4">
            <subfield code="a">info:eu-repo/semantics/article</subfield>
            <subfield code="v">info:eu-repo/semantics/publishedVersion</subfield>
        </datafield>
        <datafield tag="700" ind1=" " ind2=" ">
            <subfield code="0">(orcid)0000-0002-2077-1983</subfield>
            <subfield code="a">Sevil Serrano, Javier</subfield>
            <subfield code="u">Universidad de Zaragoza</subfield>
        </datafield>
        <datafield tag="700" ind1=" " ind2=" ">
            <subfield code="0">(orcid)0000-0002-4950-9487</subfield>
            <subfield code="a">Sanz Remacha, María</subfield>
        </datafield>
        <datafield tag="700" ind1=" " ind2=" ">
            <subfield code="0">(orcid)0000-0002-9208-4824</subfield>
            <subfield code="a">Abarca Sos, Alberto</subfield>
            <subfield code="u">Universidad de Zaragoza</subfield>
        </datafield>
        <datafield tag="700" ind1=" " ind2=" ">
            <subfield code="0">(orcid)0000-0001-8115-0649</subfield>
            <subfield code="a">García González, Luis</subfield>
            <subfield code="u">Universidad de Zaragoza</subfield>
        </datafield>
        <datafield tag="710" ind1="2" ind2=" ">
            <subfield code="1">3001</subfield>
            <subfield code="2">187</subfield>
            <subfield code="a">Universidad de Zaragoza</subfield>
            <subfield code="b">Dpto. Expres.Music.Plást.Corp.</subfield>
            <subfield code="c">Área Didáctica Expres.Corporal</subfield>
        </datafield>
        <datafield tag="773" ind1=" " ind2=" ">
            <subfield code="g">6, 34 (2015), 144-157</subfield>
            <subfield code="p">EmásF</subfield>
            <subfield code="t">EmásF</subfield>
            <subfield code="x">1989-8304</subfield>
        </datafield>
        <datafield tag="856" ind1="4" ind2="1">
            <subfield code="u">http://emasf2.webcindario.com/EmasF_34.pdf</subfield>
            <subfield code="z">Texto completo de la revista</subfield>
        </datafield>
        <datafield tag="856" ind1="4" ind2=" ">
            <subfield code="s">253788</subfield>
            <subfield code="u">http://zaguan.unizar.es/record/46977/files/texto_completo.pdf</subfield>
            <subfield code="y">Versión publicada</subfield>
        </datafield>
        <datafield tag="856" ind1="4" ind2=" ">
            <subfield code="s">124833</subfield>
            <subfield code="u">http://zaguan.unizar.es/record/46977/files/texto_completo.jpg?subformat=icon</subfield>
            <subfield code="x">icon</subfield>
            <subfield code="y">Versión publicada</subfield>
        </datafield>
        <datafield tag="909" ind1="C" ind2="O">
            <subfield code="o">oai:zaguan.unizar.es:46977</subfield>
            <subfield code="p">articulos</subfield>
            <subfield code="p">driver</subfield>
        </datafield>
        <datafield tag="951" ind1=" " ind2=" ">
            <subfield code="a">2019-07-09-11:25:01</subfield>
        </datafield>
        <datafield tag="980" ind1=" " ind2=" ">
            <subfield code="a">ARTICLE</subfield>
        </datafield>
    </record>

    
</collection>